00421nam a22001217a 4500008004100000040005500041080001900096245007800115260005800193300001600251650001600267653001600283230602b |||||||| |||| 00| 0 eng d aNational Science LibrarycNational Science Library aR 31(058) bL7 aStatistical yearbook 1976 c/ Department of Economic and Social Affairs  aNew York: bPublishing Service United Nations, c1977 axix, 909p.  aStatistics  aPopulation